Korona Gór Polski- Szczyty - Statystyki

Ogólne statystyki
  • Ten quiz został rozwiązany 167 razy
  • Średni wynik to 12 z 28
Statystyki odpowiedzi
Pasmo górskie Szczyt % Poprawnych
Tatry Rysy
97%
Karkonosze Śnieżka
96%
Beskid Zywiecki Babia Góra
69%
Bieszczady Tarnica
68%
Góry Świętokrzyskie Łysica
62%
Masyw Śnieżnika Śnieżnik
60%
Gorce Turbacz
59%
Masyw Slęży Slęża
55%
Góry Stołowe Szczeliniec
53%
Pieniny Wysoka
50%
Góry Sowie Wielka Sowa
47%
Beskid Śląski Skrzyczne
41%
Beskid Sądecki Radziejowa
37%
Beskid Niski Lackowa
30%
Góry Izerskie Wysoka Kopa
30%
Góry Orlickie Orlica
29%
Beskid Wyspowy Mogielica
28%
Góry Kamienne Waligóra
28%
Beskid Mały Czupel
26%
Góry Bystrzyckie Jagodna
25%
Góry Złote Kowadło
24%
Góry Opawskie Biskupia Kopa
22%
Beskid Makowski Lubomir
22%
Góry Bardzkie Kłodzka Góra
21%
Góry Kaczawskie Skopiec
20%
Góry Wałbrzyskie Chełmiec
18%
Rudawy Janowickie Skalnik
18%
Góry Bialskie Rudawiec
17%
Nie znaleziono quizów pasujących do podanych kryteriów
Rozkład punktacji
Procent ludzi z każdym wynikiem
Percentyl według liczby udzielonych odpowiedzi
Twoja historia wyników
Nie rozwiązałeś tego quizu